Statistics for Non-European UEFA Members

Click here to take the quiz!

General Stats

  • This quiz has been taken 62 times
  • The average score is 6 of 7

Answer Stats

Country% Correct
Israel
98%
Armenia
94%
Georgia
94%
Kazakhstan
89%
Turkey
89%
Cyprus
85%
Azerbaijan
67%

Score Distribution

Percentile by Number Answered

Percent of People with Each Score

Your Score History

You have not taken this quiz